Stolica czy nie? - klikanie - Statystyki

Ogólne statystyki
  • Ten quiz został rozwiązany 49 razy
  • Średni wynik to 14 z 18
Statystyki odpowiedzi
Hint Odpowiedź % Poprawnych
Rio de Janeiro Nie
98%
Pekin Tak
98%
Sydney Nie
94%
Nowy Jork Nie
94%
Waszyngton Tak
94%
Damaszek Tak
91%
Brasilia Tak
91%
Ottawa Tak
87%
Rijad Tak
85%
Mumbaj Nie
83%
Karaczi Nie
72%
Dar Es Salaam Nie
72%
Lagos Nie
64%
Stambuł Nie
64%
Bandar Seri Begawan Tak
62%
Malabo Nie
57%
Ciudad de la Paz Tak
57%
Praia Tak
51%
Nie znaleziono quizów pasujących do podanych kryteriów
Rozkład punktacji
Procent ludzi z każdym wynikiem
Percentyl według liczby udzielonych odpowiedzi
Twoja historia wyników
Nie rozwiązałeś tego quizu